Water for the growing needs of Harrison County, Mississippi : (Record no. 30386)
[ view plain ]
| 000 -LEADER | |
|---|---|
| fixed length control field | 01710cam a2200349 4500 |
| 001 - CONTROL NUMBER | |
| control field | gs 67000304 |
| 003 - CONTROL NUMBER IDENTIFIER | |
| control field | DLC |
| 005 - DATE AND TIME OF LATEST TRANSACTION | |
| control field | 20260227111421.0 |
| 008 - FIXED-LENGTH DATA ELEMENTS--GENERAL INFORMATION | |
| fixed length control field | 691211s1968 dcuab b 000 0 eng c |
| 010 ## - LIBRARY OF CONGRESS CONTROL NUMBER | |
| LC control number | gs 67000304 |
| 040 ## - CATALOGING SOURCE | |
| Original cataloging agency | U.S. Geological Survey Library |
| Transcribing agency | DLC |
| Modifying agency | DLC |
| 043 ## - GEOGRAPHIC AREA CODE | |
| Geographic area code | n-us-ms |
| 050 00 - LIBRARY OF CONGRESS CALL NUMBER | |
| Classification number | TC801 |
| Item number | .U2 no. 1856 |
| 051 ## - LIBRARY OF CONGRESS COPY, ISSUE, OFFPRINT STATEMENT | |
| Classification number | GB705.M7 |
| Item number | N4 |
| 082 00 - DEWEY DECIMAL CLASSIFICATION NUMBER | |
| Classification number | 628/.1/0976213 |
| 100 1# - MAIN ENTRY--PERSONAL NAME | |
| Personal name | Newcome, Roy, |
| Dates associated with a name | 1925- |
| 245 10 - TITLE STATEMENT | |
| Title | Water for the growing needs of Harrison County, Mississippi : |
| Remainder of title | as evaluation of the potential of streams and aquifers to satisfy the growing industrial and municipal water needs of an expanding economy on Mississippi's gulf coast / |
| Statement of responsibility, etc. | by Roy Newcome, Jr., D. E. Shattles, and C. P. Humphreys, Jr. |
| 260 ## - PUBLICATION, DISTRIBUTION, ETC. | |
| Place of publication, distribution, etc. | Washington : |
| Name of publisher, distributor, etc. | Govt. Print. Off., |
| Date of publication, distribution, etc. | 1968. |
| 300 ## - PHYSICAL DESCRIPTION | |
| Extent | vi, 106 p. : |
| Other physical details | ill., maps ; |
| Dimensions | 24 cm. |
| 440 #0 - SERIES STATEMENT/ADDED ENTRY--TITLE | |
| Title | Geological Survey water-supply paper ; |
| Volume/sequential designation | 1856 |
| 500 ## - GENERAL NOTE | |
| General note | Part of illustrative matter fold. in pocket. |
| 500 ## - GENERAL NOTE | |
| General note | "Prepared in cooperation with the Harrison County Development Commission and the Harrison County Board of Supervisors." |
| 501 ## - WITH NOTE | |
| With note | TC801.U2 no. 1856 with: Ground-water levels in the United States, 1961-65. Southeastern states / prepared under the direction of C. L. McGuinness. Washington : Govt. Print. Off., 1968. |
| 504 ## - BIBLIOGRAPHY, ETC. NOTE | |
| Bibliography, etc. note | Bibliography: p. 102-106. |
| 650 #0 - SUBJECT ADDED ENTRY--TOPICAL TERM | |
| Topical term or geographic name entry element | Water-supply |
| Geographic subdivision | Mississippi |
| -- | Harrison County. |
| 650 #0 - SUBJECT ADDED ENTRY--TOPICAL TERM | |
| Topical term or geographic name entry element | Hydrology |
| Geographic subdivision | Mississippi |
| -- | Harrison County. |
| 650 #0 - SUBJECT ADDED ENTRY--TOPICAL TERM | |
| Topical term or geographic name entry element | Water |
| General subdivision | Analysis. |
| 700 1# - ADDED ENTRY--PERSONAL NAME | |
| Personal name | Shattles, Donald E., |
| Dates associated with a name | 1933- |
| 700 1# - ADDED ENTRY--PERSONAL NAME | |
| Personal name | Humphreys, Carney P., |
| Dates associated with a name | 1929- |
| 710 1# - ADDED ENTRY--CORPORATE NAME | |
| Corporate name or jurisdiction name as entry element | Harrison County (Miss.). |
| Subordinate unit | Development Commission. |
| 710 1# - ADDED ENTRY--CORPORATE NAME | |
| Corporate name or jurisdiction name as entry element | Harrison County (Miss.). |
| Subordinate unit | Board of Supervisors. |
No items available.